00654nam a2200181 a 450000100100000000500170001000800410002704000250006808200150009311000320010824500370014026000490017730000200022650000870024604900090033395201130034299900170045500001646320200929164922.0100305s1923 dr 000 0 spa d aDO-SdBNPbspacBNPHU axxxbR426r1 aRepública Dominicana944710aReglamento general de policía. aSanto DomingofDe J. R. Vda. Garcíac1923. a92 p. ;c25 cm. aDictado en fecha 15 de junio del 1923. Publicado en la gaceta oficial núm. 2440. aBNPD 0010718PDaPDbPDcCTd2010-03-05iLF1l0oxxx R426rp16463-10r2020-06-25w2020-06-25yLFPDZNo se presta c15998d15998